000 00314 a2200145 4500
001 47952
040 _cAnchieta - Aquarius
100 _aLage, Tarcísio
240 1 0 _aO Leão Praxedes
_lpor
245 1 0 _aO Leão Praxedes
300 _a15
362 0 _a2009
650 4 _aLiteratura infanto-juvenil
942 _cBK
999 _c47952
_d47952